000 00822nam a2200229Ia 4500
003 CO-CtgCURN
005 20250408171900.0
008 190722s9999 xx 000 0 und d
020 _a9587070410
040 _aCO-CtgCURN
_bspa
_ccoctgcurn
082 _a342.861
_bR457c
100 _aReyes Blanco, Sergio
245 0 _aEl control de natalidad :
_bsu evolucion en Espana y Colombia /
_cSergio Reyes Blanco
260 _aBogotá, Colombia :
_bLibreria Ediciones del Profesional,
_c2004
300 _a235 páginas ;
_c24 centímetros
504 _aIncluye referencias bibliográficas
521 _aAREA PROFESIONAL
590 _aPrograma de Derecho_18
650 _aDerecho administrativo
942 _cBK
_h342.861
_iR457c
_2ddc
_n0
999 _c28537
_d28537